[Event "10th EICC"]
[Site "Budva MNE"]
[Date "2009.03.10"]
[Round "5"]
[White "Arsovic,G"]
[Black "Maevsky,N"]
[Result "1-0"]
[WhiteElo "2426"]
[BlackElo "2223"]
[EventDate "2009.03.06"]

1. d4 Nf6 2. Nf3 e6 3. c4 d5 4. Bg5 Bb4+ 5. Nc3 dxc4 6. e4 b5 7. a4 c6 8.
e5 h6 9. exf6 hxg5 10. fxg7 Rg8 11. g3 g4 12. Ne5 Qd5 13. Rg1 Qe4+ 14. Be2
Rxg7 15. Kf1 Bxc3 16. bxc3 f5 17. f3 Qe3 18. fxg4 Qxc3 19. Rg2 Bb7 20. gxf5
exf5 21. Bxc4 bxc4 22. Rc1 Qb3 23. Qh5+ Ke7 24. Re2 Na6 25. Qxf5 Bc8 26.
Nxc4+ Kd8 27. Qf6+ Kc7 28. Qd6+ Kb7 29. Na5+ Kb6 30. Nxb3 Bh3+ 31. Kg1 Rc8
32. Rb2 1-0

[Event "10th EICC"]
[Site "Budva MNE"]
[Date "2009.03.10"]
[Round "5"]
[White "Rabrenovic,M"]
[Black "Maksimovic,Br"]
[Result "1/2-1/2"]
[WhiteElo "2257"]
[BlackElo "2423"]
[EventDate "2009.03.06"]

1. e4 e6 2. d4 d5 3. Nc3 Bb4 4. e5 c5 5. a3 Bxc3+ 6. bxc3 Qa5 7. Bd2 Qa4 8.
Nf3 Nc6 9. h4 Nge7 10. h5 h6 11. Rh4 c4 12. Rf4 Bd7 13. Be2 Rf8 14. Nh4
O-O-O 15. Rg4 Rg8 16. Qc1 Rdf8 17. Rb1 Kb8 18. Rg3 Nc8 19. Qb2 Nb6 20. Bg4
Qa6 21. a4 Ka8 22. Ra1 Nxa4 23. Qa3 Nb6 24. Qb2 Na4 25. Qa3 b5 26. Bf3 Qb6
27. Rxg7 Nxd4 28. cxd4 Qxd4 29. Rxg8 Rxg8 30. g3 Qxe5+ 31. Kf1 Qf6 32. Re1
Bc6 33. Qd6 Kb7 34. Bf4 Rc8 35. Be5 Qd8 36. Qxd8 Rxd8 37. Bg7 d4 38. Bxc6+
Kxc6 39. Nf3 d3 40. cxd3 c3 41. Ne5+ Kd5 42. Nxf7 Rd7 43. Re5+ Kc6 44.
Rxe6+ Kb7 45. Nd6+ Rxd6 46. Rxd6 b4 47. Rd7+ Kb6 48. Bd4+ Kc6 49. Rxa7 c2
50. Be3 b3 51. Bc1 b2 52. Bxb2 Nxb2 53. Ra1 Nxd3 54. g4 Kd5 55. g5 Ke6 56.
gxh6 Kf6 57. Ra6+ Kf7 58. Rc6 c1=Q+ 59. Rxc1 Nxc1 1/2-1/2

[Event "10th EICC"]
[Site "Budva MNE"]
[Date "2009.03.10"]
[Round "5"]
[White "Spiric,I"]
[Black "Jakovljevic,Vlado"]
[Result "1/2-1/2"]
[WhiteElo "2255"]
[BlackElo "2420"]
[EventDate "2009.03.06"]

1. d4 d5 2. c4 c6 3. Nc3 Nf6 4. cxd5 cxd5 5. Bf4 Nc6 6. e3 a6 7. Bd3 Bg4 8.
Nge2 e6 9. h3 Bh5 10. O-O Bd6 11. Bxd6 Qxd6 12. f4 Bxe2 13. Qxe2 O-O 14.
Rac1 Rac8 15. g4 Nd7 16. Qf2 Ne7 17. Kg2 f5 18. g5 Rc7 19. Qd2 Rfc8 20. Ne2
Nb6 21. Rxc7 Rxc7 22. b3 Qa3 23. Rc1 Rc6 24. Bb1 a5 25. Bd3 Rxc1 26. Nxc1
a4 1/2-1/2

[Event "10th EICC"]
[Site "Budva MNE"]
[Date "2009.03.10"]
[Round "5"]
[White "Bozinovic,Bob"]
[Black "Solomunovic,I"]
[Result "0-1"]
[WhiteElo "2095"]
[BlackElo "2416"]
[EventDate "2009.03.06"]

1. d4 Nf6 2. Nf3 g6 3. Bf4 Bg7 4. h3 O-O 5. c3 d6 6. Nbd2 c5 7. e3 b6 8.
Be2 Bb7 9. Qc2 Nbd7 10. O-O Qc7 11. Bh2 a6 12. a4 cxd4 13. exd4 e5 14. dxe5
dxe5 15. Rfe1 h6 16. Bf1 Rae8 17. Rad1 Kh7 18. Qd3 Nc5 19. Qc2 Nd5 20. Nc4
f6 21. h4 h5 22. b4 Ne6 23. Ne3 Qxc3 24. Qb1 Nxe3 25. Rxe3 Qc7 26. Bd3 Qf7
27. Bc4 Bh6 28. Red3 Be4 29. Ne1 Qe7 30. f3 Bxd3 31. Bxd3 f5 32. Bxa6 Be3+
33. Kh1 Qxh4 34. Rd7+ Re7 35. g3 Qf6 36. Rd6 Rd8 37. Rxd8 Nxd8 38. Qd3 Bd4
39. Nc2 Qd6 40. Ne3 Nc6 41. Bb5 Nxb4 42. Qb3 Bxe3 43. Qxe3 Nc2 44. Qf2 Qd1+
45. Kg2 Nd4 46. Bg1 Rc7 47. Kh3 Qxf3 48. Qxf3 Nxf3 49. Be3 Rc2 0-1

[Event "10th EICC"]
[Site "Budva MNE"]
[Date "2009.03.10"]
[Round "5"]
[White "Scekic,V"]
[Black "Pilaj,H"]
[Result "1/2-1/2"]
[WhiteElo "2084"]
[BlackElo "2393"]
[EventDate "2009.03.06"]

1. c4 g6 2. Nc3 Bg7 3. g3 d6 4. Bg2 Nf6 5. e3 O-O 6. Nge2 e5 7. O-O Nbd7 8.
d4 Re8 9. Qc2 c6 10. b3 h5 11. Bb2 Qe7 12. dxe5 dxe5 13. e4 h4 14. Rad1 Nf8
15. Na4 N8h7 16. Bc1 Nh5 17. c5 Ng5 18. Be3 h3 19. Bh1 Ne6 20. Bf3 Nf6 21.
Rd2 Kh7 22. Rfd1 Bh6 23. Bxh6 Kxh6 24. Bh1 Ng5 25. f3 Kg7 26. Qc3 Kg8 27.
Qe3 Ne6 28. Rd6 Nc7 29. Kf1 Nb5 30. R6d2 Be6 31. Nac3 Nc7 32. Na4 Nb5 33.
Kg1 Nd7 34. f4 Bg4 35. Bf3 Bxf3 36. Rxd7 Bxe2 37. Rxe7 Bxd1 38. Rxe8+ Rxe8
39. fxe5 Bg4 40. Nc3 Nxc3 41. Qxc3 Rd8 42. Kf2 Rd1 43. Qe3 Rh1 44. Qg5
Rxh2+ 45. Ke3 Re2+ 46. Kf4 h2 47. Qd8+ Kg7 48. Qf6+ Kg8 49. Qd8+ 1/2-1/2

[Event "10th EICC"]
[Site "Budva MNE"]
[Date "2009.03.10"]
[Round "5"]
[White "Sofronie,I"]
[Black "Draskovic,L"]
[Result "1-0"]
[WhiteElo "2471"]
[BlackElo "1983"]
[EventDate "2009.03.06"]

1. e4 c5 2. Nf3 d6 3. Bc4 Nc6 4. c3 Nf6 5. d3 g6 6. Bb3 Bg7 7. O-O O-O 8.
h3 b5 9. Nh2 a5 10. a4 b4 11. f4 Ba6 12. Qf3 Qc7 13. c4 Nd4 14. Qd1 e6 15.
Nd2 d5 16. e5 Nd7 17. Nhf3 dxc4 18. Bxc4 Bxc4 19. Nxc4 Nb6 20. Nxb6 Qxb6
21. Be3 Nf5 22. Bf2 Rfd8 23. Qc2 Rac8 24. Rac1 Bf8 25. b3 Qa6 26. Rfd1 h5
27. Qc4 Qxc4 28. dxc4 Be7 29. Kf1 Kf8 30. Ke2 Ke8 31. g4 hxg4 32. hxg4 Nh6
33. Rxd8+ Rxd8 34. Rg1 Kd7 35. Be3 Bf8 36. Nd2 Kc6 37. Ne4 Be7 38. Nf2 Bh4
39. Nd3 Be7 40. f5 Bf8 41. f6 Rd7 42. Nf2 g5 43. Rh1 Rd4 44. Bxd4 cxd4 45.
Kf3 1-0

[Event "10th EICC"]
[Site "Budva MNE"]
[Date "2009.03.10"]
[Round "5"]
[White "Stojanovic,Da"]
[Black "Drljevic,L"]
[Result "1-0"]
[WhiteElo "2469"]
[BlackElo "2244"]
[EventDate "2009.03.06"]

1. e4 d6 2. d4 Nf6 3. Nc3 g6 4. Bg5 Bg7 5. Qd2 O-O 6. O-O-O c6 7. f4 b5 8.
Bd3 b4 9. Nce2 Qa5 10. Kb1 c5 11. dxc5 Qxc5 12. Nf3 Nc6 13. f5 Ng4 14. h3
Nge5 15. Bh6 a5 16. Bxg7 Kxg7 17. Nf4 a4 18. Rc1 Nd4 19. Nxd4 Qxd4 20. Ne2
Qc5 21. h4 h5 22. Rhf1 Ng4 23. fxg6 Be6 24. c3 Bxa2+ 25. Kxa2 b3+ 26. Kb1
a3 27. Rxf7+ Rxf7 28. gxf7 axb2 29. Qxb2 Qe3 30. Re1 Nf2 31. Nd4 Kf6 32.
Qxb3 Ke5 33. Qd5+ Kf6 34. Qe6+ 1-0

[Event "10th EICC"]
[Site "Budva MNE"]
[Date "2009.03.10"]
[Round "5"]
[White "Devereaux,M"]
[Black "Medancic,R"]
[Result "1-0"]
[WhiteElo "2437"]
[BlackElo "2242"]
[EventDate "2009.03.06"]

1. c4 e5 2. Nc3 Nc6 3. g3 f5 4. Bg2 Nf6 5. a3 g6 6. d3 Bg7 7. e3 O-O 8.
Nge2 Ne7 9. d4 e4 10. d5 g5 11. h4 gxh4 12. gxh4 Ng6 13. Nf4 Nxf4 14. exf4
d6 15. Be3 c5 16. Qd2 a6 17. h5 h6 18. f3 exf3 19. Bxf3 Bd7 20. Rg1 b5 21.
Qg2 Qe7 22. Kd2 bxc4 23. Rae1 Qf7 24. Bf2 Rab8 25. Kc1 Ng4 26. Bh4 Rfe8 27.
Rxe8+ Qxe8 28. Re1 Qxh5 29. Be7 Re8 30. Re2 Qg6 31. Bh4 Kh7 32. Rxe8 Qxe8
33. Qe2 Bd4 34. Qxe8 Bxe8 35. Ne2 Bf6 36. Bxg4 Bxh4 37. Bxf5+ Bg6 38. Bc8
a5 39. Ba6 Bd3 40. Kd2 Bf6 41. Nc3 Kg6 42. Ke3 h5 43. Kf3 h4 44. Bc8 Bf5
45. Bxf5+ Kxf5 46. Ne4 Be7 47. Nd2 c3 48. bxc3 Bf6 49. Nc4 Bxc3 50. Nxd6+
Kg6 51. a4 Be1 52. Kg4 Kg7 53. Nc4 Kf6 54. d6 Kf7 55. f5 Bg3 56. Nxa5 Bxd6
57. Kxh4 Kf6 58. Nc4 Kxf5 59. Nxd6+ Ke6 60. Nc4 Kd5 61. a5 Kc6 62. Kg5 Kb5
63. Kf5 Ka6 64. Ke5 Kb5 65. Kd5 Ka6 66. Kc6 Ka7 67. Kb5 Kb7 68. a6+ Ka7 69.
Ka5 Kb8 70. Kb6 Ka8 71. Nd6 c4 72. a7 1-0

[Event "10th EICC"]
[Site "Budva MNE"]
[Date "2009.03.10"]
[Round "5"]
[White "Pejovic,J"]
[Black "Valeanu,E"]
[Result "1/2-1/2"]
[WhiteElo "2214"]
[BlackElo "2432"]
[EventDate "2009.03.06"]

1. d4 c5 2. c3 Nf6 3. Nf3 d5 4. a3 Nbd7 5. Bf4 g6 6. h3 Bg7 7. e3 O-O 8.
Be2 Ne4 9. O-O Qb6 10. Ra2 Ndf6 11. Ne5 Bf5 12. f3 Nd6 13. Nd2 Nd7 14. g4
Be6 15. Nd3 Rac8 16. Bh2 cxd4 17. exd4 Nc4 18. Nxc4 dxc4 19. Nf4 Nf6 20.
Re1 Rfd8 21. Bf1 Rd6 22. Nxe6 Rxe6 23. Rxe6 Qxe6 24. Qd2 Nd5 25. Ra1 Qe3+
26. Qxe3 Nxe3 27. Re1 Nxf1 28. Kxf1 e6 29. Ke2 f6 30. Kd1 Kf7 31. Kc2 h5
32. b3 hxg4 33. fxg4 cxb3+ 34. Kxb3 Bh6 35. c4 Rd8 36. Bg1 Bf4 37. Rf1 g5
38. Rf3 a6 39. c5 e5 40. Kc4 exd4 41. Bxd4 Rd7 42. h4 Ke6 43. hxg5 Bxg5 44.
Rb3 Bh4 45. Rb6+ Ke7 46. a4 Kf7 47. a5 Rc7 48. Kd5 Rd7+ 49. Ke4 f5+ 50.
gxf5 Bd8 51. Rh6 Bxa5 52. Rh7+ Ke8 53. Rxd7 Kxd7 54. Kd5 Bd2 55. Bg7 Ke7
56. c6 bxc6+ 57. Kxc6 1/2-1/2

[Event "10th EICC"]
[Site "Budva MNE"]
[Date "2009.03.10"]
[Round "5"]
[White "Civric,Z"]
[Black "Kojovic,D"]
[Result "0-1"]
[WhiteElo "2206"]
[BlackElo "2403"]
[EventDate "2009.03.06"]

1. Nf3 d6 2. e4 c5 3. d4 cxd4 4. Nxd4 Nf6 5. Nc3 a6 6. Be2 e5 7. Nf3 Be7 8.
Bg5 Nbd7 9. a4 b6 10. Nd2 h6 11. Bxf6 Nxf6 12. Nf1 Bb7 13. Bf3 d5 14. Nxd5
Bxd5 15. exd5 e4 16. Be2 Bc5 17. Bc4 O-O 18. Ne3 b5 19. Bb3 Qb6 20. O-O
Bxe3 21. fxe3 Qxe3+ 22. Kh1 Rad8 23. axb5 axb5 24. Ra6 Qg5 25. Qe2 Rfe8 26.
Qxb5 e3 27. Qe2 Re4 28. c4 Ng4 29. Raa1 Nxh2 30. Kxh2 Rh4+ 31. Kg1 Qg3 0-1

[Event "10th EICC"]
[Site "Budva MNE"]
[Date "2009.03.10"]
[Round "5"]
[White "Pesotsky,V"]
[Black "Elkin,L"]
[Result "1/2-1/2"]
[WhiteElo "2343"]
[BlackElo "2191"]
[EventDate "2009.03.06"]

1. e4 c5 2. Nf3 d6 3. d4 cxd4 4. Nxd4 Nf6 5. Nc3 g6 6. Be2 Bg7 7. Bf3 O-O
8. Nd5 Nc6 9. Be3 Ne5 10. Nxf6+ Bxf6 11. Be2 Bd7 12. O-O Qc7 13. c3 a6 14.
a4 Nc4 15. Bc1 b5 16. axb5 axb5 17. Rxa8 Rxa8 18. b3 Na5 19. Nxb5 Bxb5 20.
Bxb5 Qxc3 21. Ba4 Qd4 22. Qxd4 Bxd4 23. Rd1 Bc3 24. Kf1 Rb8 25. Rd3 Bb4 26.
Bh6 1/2-1/2

[Event "10th EICC"]
[Site "Budva MNE"]
[Date "2009.03.10"]
[Round "5"]
[White "Bonte,An"]
[Black "Bajkovic,N"]
[Result "1-0"]
[WhiteElo "2335"]
[BlackElo "2180"]
[EventDate "2009.03.06"]

1. d4 d5 2. c4 e6 3. Nc3 Nf6 4. cxd5 exd5 5. Bg5 c6 6. e3 Nbd7 7. Bd3 h6 8.
Bh4 Be7 9. Nge2 O-O 10. Qc2 Re8 11. h3 Ne4 12. Bxe7 Qxe7 13. Bxe4 dxe4 14.
Ng3 Nf6 15. O-O h5 16. f3 exf3 17. Rxf3 c5 18. Raf1 cxd4 19. exd4 Be6 20.
Rxf6 gxf6 21. Nxh5 f5 22. Qd2 Kh7 23. Ne4 fxe4 24. Nf6+ Kg6 25. h4 e3 26.
Qd3+ 1-0

[Event "10th EICC"]
[Site "Budva MNE"]
[Date "2009.03.10"]
[Round "5"]
[White "Vulevic,V"]
[Black "Ceranic,M"]
[Result "1-0"]
[WhiteElo "2325"]
[BlackElo "2147"]
[EventDate "2009.03.06"]

1. d4 Nf6 2. c4 e6 3. Nc3 Bb4 4. e3 O-O 5. Bd3 d5 6. Nge2 c6 7. a3 Bd6 8.
f4 c5 9. O-O cxd4 10. exd4 dxc4 11. Bxc4 Nbd7 12. Bd3 Nb6 13. Qe1 Bd7 14.
Qh4 Be7 15. Rf3 g6 16. Rh3 h5 17. Qg3 Ng4 18. Bd2 Bc6 19. Rf1 f5 20. Qe1
Bf6 21. Kh1 Qd7 22. Bb1 Nc4 23. Bc1 Rae8 24. Ba2 Nd6 25. Rd3 Ne4 26. h3 Nh6
27. d5 Kg7 28. Qd1 exd5 29. Bxd5 Bxd5 30. Nxd5 Rd8 31. b4 Ng8 32. Rff3 Ne7
33. Nxf6 Qxd3 34. Rxd3 Nf2+ 35. Kg1 Nxd3 36. Be3 Nxf4 37. Nd4 Nc6 38. Nd7
Rxd7 39. Ne6+ Nxe6 40. Qxd7+ Kf6 41. Qxb7 Ne5 42. Bxa7 Rd8 43. Qa6 Rd1+ 44.
Kh2 Rd2 45. Bb8 Nf3+ 46. Kg3 Ne1 47. h4 Rxg2+ 48. Kh3 Rd2 49. a4 Nd3 50.
Qc6 Nf2+ 51. Kg2 Ng4+ 52. Kf1 Rc2 53. Qb6 f4 54. Bxf4 Rf2+ 55. Qxf2 Nxf2
56. Bg5+ Nxg5 57. hxg5+ Ke5 58. Kxf2 Kd5 59. Ke3 Kc4 60. b5 Kc5 61. Ke4 Kb6
62. Ke5 Kb7 63. a5 Kc7 64. a6 Kb6 65. Kd4 Kc7 66. Kc5 h4 67. b6+ Kb8 68.
Kc6 h3 69. b7 1-0

[Event "10th EICC"]
[Site "Budva MNE"]
[Date "2009.03.10"]
[Round "5"]
[White "Berke,A"]
[Black "Vujic,M"]
[Result "0-1"]
[WhiteElo "2081"]
[BlackElo "2322"]
[EventDate "2009.03.06"]

1. e4 Nc6 2. d4 e5 3. Nf3 exd4 4. Nxd4 Qh4 5. Qd3 Bc5 6. c3 Nf6 7. Nd2 Ng4
8. g3 Qf6 9. f3 Nge5 10. Qe3 d6 11. Be2 Be6 12. b3 Nxd4 13. cxd4 Ng4 14.
fxg4 Bxd4 15. g5 Qe5 16. Nf3 Bxe3 17. Nxe5 Bd4 18. Nxf7 Bxf7 19. Rb1 Bg6
20. Bd3 O-O 21. Bb2 Bf2+ 22. Kd2 Rae8 23. Rbc1 Bb6 24. Bc4+ Bf7 25. Bd3 Bg6
26. Bc4+ Kh8 27. Rhf1 Bxe4 28. Bf7 Rd8 29. Rf4 Bg6 30. Rcf1 d5 31. Be5 Be4
32. h4 Bc5 33. Bxc7 Rc8 34. Ba5 Bd6 35. Rxe4 dxe4 36. h5 b6 37. Bc3 e3+ 38.
Kd3 e2 39. Rc1 Rxf7 40. Bxg7+ Kxg7 41. h6+ Kg6 0-1

[Event "10th EICC"]
[Site "Budva MNE"]
[Date "2009.03.10"]
[Round "5"]
[White "Papp,P"]
[Black "Simeonidis,I"]
[Result "1/2-1/2"]
[WhiteElo "2134"]
[BlackElo "2303"]
[EventDate "2009.03.06"]

1. e4 d5 2. exd5 Qxd5 3. Nc3 Qa5 4. d4 Nf6 5. Nf3 Ne4 6. Bd3 Nxc3 7. bxc3
Qxc3+ 8. Bd2 Qa3 9. Ne5 Qd6 10. O-O g6 11. Bf4 Qf6 12. Qd2 Bg7 13. Nf3 O-O
1/2-1/2

[Event "10th EICC"]
[Site "Budva MNE"]
[Date "2009.03.10"]
[Round "5"]
[White "Mijovic,S"]
[Black "Jakic,V"]
[Result "1-0"]
[WhiteElo "2300"]
[BlackElo "2154"]
[EventDate "2009.03.06"]

1. e4 c5 2. Nf3 d6 3. d4 cxd4 4. Nxd4 Nf6 5. Nc3 a6 6. Be3 g6 7. f3 Bg7 8.
Qd2 b5 9. a3 Bb7 10. O-O-O Nbd7 11. g4 Rc8 12. h4 Nb6 13. h5 Rg8 14. Qf2
Nfd7 15. hxg6 hxg6 16. Rh7 Rxc3 17. bxc3 Qc7 18. c4 bxc4 19. Ne2 Na4 20.
Bd4 e5 21. Ba1 Ndc5 22. Nc3 Bf6 23. Kb1 Rh8 24. Rxh8+ Bxh8 25. Nxa4 Nxa4
26. Qd2 Ke7 27. Bxc4 Bf6 28. g5 Bg7 29. Bb3 Nc5 30. Bc3 Bc6 31. Ba5 Qb8 32.
Bb4 Nb7 33. Bd5 Qc7 34. Qc3 a5 1-0

[Event "10th EICC"]
[Site "Budva MNE"]
[Date "2009.03.10"]
[Round "5"]
[White "Tassopoulos,M"]
[Black "Filipovic,Mi"]
[Result "1/2-1/2"]
[WhiteElo "2293"]
[BlackElo "2121"]
[EventDate "2009.03.06"]

1. e4 d6 2. d4 Nf6 3. Nc3 g6 4. f4 Bg7 5. Nf3 O-O 6. Bd3 Nfd7 7. O-O c5 8.
d5 Nf6 9. Qe1 e6 10. dxe6 Bxe6 11. f5 Bd7 12. fxg6 fxg6 13. Bc4+ Kh8 14.
Ng5 Nc6 15. Nf7+ Rxf7 16. Bxf7 Qe7 17. Bg5 Qe5 18. Qg3 Qxg3 19. hxg3 Ng4
20. Nd5 Nd4 21. Rae1 Nxc2 22. Re2 Bb5 23. Rxc2 Bd4+ 24. Kh1 Bxf1 25. Be6 h5
26. Bxg4 hxg4 27. Bf6+ Bxf6 28. Nxf6 Kg7 29. Nxg4 Bd3 30. Rd2 Bxe4 31. Rxd6
Bf5 1/2-1/2

[Event "10th EICC"]
[Site "Budva MNE"]
[Date "2009.03.10"]
[Round "5"]
[White "Kruljac,P"]
[Black "Sorgic,D"]
[Result "0-1"]
[WhiteElo "2052"]
[BlackElo "2278"]
[EventDate "2009.03.06"]

1. Nf3 Nf6 2. c4 g6 3. Nc3 Bg7 4. g3 d6 5. Bg2 O-O 6. O-O c6 7. h3 e5 8. d4
Nbd7 9. e4 exd4 10. Nxd4 Re8 11. Re1 a5 12. Be3 Nc5 13. Qc2 Nfd7 14. Rad1
a4 15. Bf4 Ne5 16. Bxe5 Bxe5 17. Nf3 Qb6 18. Nxe5 dxe5 19. Rb1 Qb4 20. Bf1
Ne6 21. Ne2 Ng5 22. Qd3 Nxh3+ 23. Bxh3 Bxh3 24. Red1 Rad8 25. Qxd8 Rxd8 26.
Rxd8+ Kg7 27. Kh2 Bg4 28. Nc3 a3 29. f3 Bxf3 30. Rd3 Bg4 31. b3 Qe7 32. Kg2
Qg5 33. Rf1 h5 34. Rh1 Qe7 35. Nd1 Qc5 36. Re1 Qb4 37. Ree3 Qe7 38. Re1 h4
39. Nf2 Be6 40. Rh1 hxg3 41. Rxg3 b5 42. cxb5 cxb5 43. Nd3 Qd6 44. Rc1 Qd4
45. Nf2 Qd2 46. Rgc3 Qxa2 47. R1c2 Qb1 48. Rc1 a2 0-1

[Event "10th EICC"]
[Site "Budva MNE"]
[Date "2009.03.10"]
[Round "5"]
[White "Andrejic,V"]
[Black "Simic,V"]
[Result "1-0"]
[WhiteElo "2275"]
[BlackElo "2064"]
[EventDate "2009.03.06"]

1. d4 d5 2. c4 dxc4 3. Nf3 Nf6 4. e3 Bg4 5. Bxc4 e6 6. O-O Nbd7 7. h3 Bh5
8. Nc3 Bd6 9. e4 e5 10. g4 Bg6 11. dxe5 Nxe5 12. Nxe5 Bxe5 13. f4 Qd4+ 14.
Qxd4 Bxd4+ 15. Kh2 Bxc3 16. bxc3 Bxe4 17. g5 Bd5 18. Re1+ Kd7 19. Bd3 Ne8
20. c4 Bc6 21. Bf5+ Kd8 22. Bb2 Ba4 23. c5 b5 24. Re3 c6 25. Rae1 1-0

[Event "10th EICC"]
[Site "Budva MNE"]
[Date "2009.03.10"]
[Round "5"]
[White "Malureanu,C"]
[Black "Veleski,R"]
[Result "0-1"]
[WhiteElo "2013"]
[BlackElo "2269"]
[EventDate "2009.03.06"]

1. e4 c5 2. Nf3 Nc6 3. d4 cxd4 4. Nxd4 g6 5. Nc3 Bg7 6. Be3 Nf6 7. Bc4 O-O
8. Bb3 a5 9. a4 Ng4 10. Qxg4 Nxd4 11. Qd1 Nxb3 12. cxb3 d6 13. O-O Be6 14.
f4 Qd7 15. Rf2 f5 16. exf5 Rxf5 17. Nb5 Rd5 18. Qe1 Rd3 19. Bb6 Bxb3 20.
Qe2 Bc4 21. Na3 Rxa3 22. Qxc4+ d5 23. Rd1 dxc4 24. Rxd7 Ra1+ 25. Rf1 Rxf1+
26. Kxf1 Bxb2 27. Ke2 Rc8 28. Rxb7 c3 29. Bd4 Ba3 30. Be3 c2 31. Ra7 Bc5
0-1

[Event "10th EICC"]
[Site "Budva MNE"]
[Date "2009.03.10"]
[Round "5"]
[White "Kadric,D"]
[Black "Franciskovic,B"]
[Result "1/2-1/2"]
[WhiteElo "1982"]
[BlackElo "2260"]
[EventDate "2009.03.06"]

1. e4 c6 2. d4 d5 3. e5 c5 4. c4 cxd4 5. Nf3 Bg4 6. cxd5 Qxd5 7. Nc3 Qd7 8.
Bb5 Nc6 9. Qxd4 Rd8 10. Qf4 g6 11. O-O Bh6 12. Qg3 Kf8 13. Be3 Bxf3 14.
Qxf3 Bxe3 15. Bxc6 Qxc6 16. Qxe3 Kg7 17. Rfd1 Nh6 18. Qxa7 Ng4 19. Qa5 b6
20. Qa4 Qxa4 21. Nxa4 Rxd1+ 22. Rxd1 Ra8 23. Nxb6 Rxa2 24. Nc4 Ra4 25. Rc1
f6 26. exf6+ Kxf6 27. f3 Nh6 28. Ne3 Ra2 29. Rb1 Ke5 30. b4 Kd4 31. Rb3 Nf7
32. b5 Nd6 33. b6 Ra8 34. Kf2 Rb8 35. Kg3 Nc8 36. b7 Nd6 37. Kf4 Rxb7 38.
Nc2+ Kd5 39. Rxb7 Nxb7 40. Kg5 Ke6 41. Kh6 Kf6 42. Kxh7 Nd6 43. Ne3 e5 44.
Ng4+ Kf5 45. Nf2 g5 46. Kh6 Nc4 47. Kh5 Ne3 48. g4+ Kf4 49. Nh3+ Kxf3 50.
Nxg5+ Kg2 51. h4 Kg3 52. Ne4+ Kf4 53. Nf6 e4 54. g5 Nf5 55. g6 Ke5 56. Kg5
e3 57. Ng4+ Ke6 58. Nh2 Nd4 59. g7 Kf7 60. Kh6 Nf5+ 61. Kg5 Nd4 62. Kh6
Nf5+ 63. Kg5 1/2-1/2

[Event "10th EICC"]
[Site "Budva MNE"]
[Date "2009.03.10"]
[Round "5"]
[White "Pecurica,M"]
[Black "Vucinic,P"]
[Result "1-0"]
[WhiteElo "1934"]
[BlackElo "2257"]
[EventDate "2009.03.06"]

1. d4 Nf6 2. c4 e6 3. Nc3 d5 4. cxd5 exd5 5. Bg5 Be7 6. Qc2 O-O 7. e3 c6 8.
Bd3 h6 9. Bh4 Re8 10. Nge2 Nbd7 11. O-O Nf8 12. f3 Ne6 13. Kh1 b6 14. Rad1
Bb7 15. Bf5 Nc7 16. e4 Bc8 17. e5 Bxf5 18. Qxf5 Nd7 19. Bxe7 Qxe7 20. f4 b5
21. Ng3 Qe6 22. Qh5 f6 23. Nf5 fxe5 24. Qg4 Re7 25. Nxe7+ Qxe7 26. fxe5 Ne6
27. Ne2 Ndf8 28. Ng3 Qg5 29. Qxg5 hxg5 30. Nf5 Re8 31. Rc1 Nd8 32. Rf3 Nfe6
33. Nd6 Re7 34. Rd1 a5 35. Kg1 Nf4 36. g3 Nfe6 37. Kf2 g4 38. Rc3 g6 39.
Ke3 Rh7 40. Rc2 Re7 41. Rf1 Kg7 42. Rfc1 Ra7 43. Ne8+ Kf8 44. Nf6 Ra6 45.
Nxg4 a4 46. Nf6 Ke7 47. h4 b4 48. g4 b3 49. axb3 axb3 50. Rc3 Ra4 51. Rd1
Rb4 52. Rdd3 c5 53. Nxd5+ 1-0

[Event "10th EICC"]
[Site "Budva MNE"]
[Date "2009.03.10"]
[Round "5"]
[White "Masic,P"]
[Black "Vrhovnik,D"]
[Result "1-0"]
[WhiteElo "2371"]
[BlackElo "1976"]
[EventDate "2009.03.06"]

1. e4 c5 2. Nf3 d6 3. c3 Nf6 4. Be2 g6 5. O-O Bg7 6. Re1 O-O 7. Bf1 Nc6 8.
h3 e5 9. d3 d5 10. Nbd2 Qc7 11. g3 b6 12. exd5 Nxd5 13. Bg2 Bb7 14. Nc4
Rad8 15. a4 Rfe8 16. Qb3 h6 17. a5 Nxa5 18. Nxa5 bxa5 19. Nd2 Nb6 20. Bxb7
Qxb7 21. Ne4 a4 22. Rxa4 c4 23. dxc4 Qd7 24. Ra5 Qxh3 25. Rxa7 Nc8 26. Ra6
Kh8 27. c5 Rd3 1-0

[Event "10th EICC"]
[Site "Budva MNE"]
[Date "2009.03.10"]
[Round "5"]
[White "Ketzetzis,G"]
[Black "Kanceljak,D"]
[Result "1-0"]
[WhiteElo "2243"]
[BlackElo "1917"]
[EventDate "2009.03.06"]

1. e4 c5 2. Nf3 e6 3. c4 Nc6 4. Nc3 Nf6 5. Be2 b6 6. O-O Bb7 7. d4 cxd4 8.
Nxd4 Qb8 9. Be3 Bd6 10. g3 Nxd4 11. Bxd4 e5 12. Be3 Nxe4 13. Nxe4 Bxe4 14.
Bf3 Bc6 15. Bxc6 dxc6 16. Qg4 Bf8 17. Rad1 Qc8 18. Qe4 Qe6 19. f4 Rd8 20.
Rxd8+ Kxd8 21. fxe5 Be7 22. a4 Bb4 23. a5 Bxa5 24. Rd1+ Kc7 25. Rd6 Qe8 26.
c5 bxc5 27. Bf4 Kb6 28. e6 fxe6 29. Be3 Rf8 30. b4 Rf1+ 31. Kxf1 Qf8+ 32.
Kg2 Qxd6 33. bxc5+ 1-0

[Event "10th EICC"]
[Site "Budva MNE"]
[Date "2009.03.10"]
[Round "5"]
[White "Zdravkovic,DS"]
[Black "Solic,K"]
[Result "0-1"]
[WhiteElo "2130"]
[BlackElo "2204"]
[EventDate "2009.03.06"]

1. e4 c5 2. Nf3 Nc6 3. d4 cxd4 4. Nxd4 Nf6 5. Nc3 d6 6. Be2 e5 7. Nb3 Be7
8. O-O O-O 9. Bg5 a5 10. Bxf6 Bxf6 11. a4 Be6 12. Nd5 Bxd5 13. exd5 Ne7 14.
c4 b6 15. Nd2 g6 16. Ne4 Bg7 17. Rb1 Nf5 18. b4 axb4 19. Rxb4 Nd4 20. Re1
f5 21. Nc3 e4 22. Nb5 Nxb5 23. Rxb5 Bc3 24. Rf1 Be5 25. g3 f4 26. Bg4 e3
27. Kg2 exf2 28. Rxf2 Qc7 29. gxf4 Rxf4 30. Be6+ Kh8 31. Rxf4 Bxf4 32. Qd4+
Be5 33. Qxb6 Qxc4 34. Rb4 Qe2+ 35. Qf2 Qxf2+ 36. Kxf2 Bxh2 37. Rc4 Ra7 38.
Kf3 Kg7 39. Rg4 Be5 40. Ke3 Kf6 41. Kd3 h5 42. Rc4 g5 43. Kc2 g4 44. Kb3
Rb7+ 45. Ka3 g3 46. Bh3 Rb2 47. a5 g2 48. Rc1 Rc2 49. Rg1 Rc3+ 50. Kb4 Rxh3
51. Rxg2 Bd4 52. Ra2 Bc5+ 53. Kb5 Rb3+ 54. Kc6 Rb8 55. a6 Ra8 56. Kb7 Ra7+
57. Kb8 h4 58. Ra5 Rh7 59. Rb5 h3 60. Rb7 Rh8+ 61. Kc7 h2 0-1

[Event "10th EICC"]
[Site "Budva MNE"]
[Date "2009.03.10"]
[Round "5"]
[White "Fugulyan,G"]
[Black "Becic,S"]
[Result "0-1"]
[WhiteElo "1978"]
[BlackElo "2131"]
[EventDate "2009.03.06"]

1. d4 d5 2. c4 e6 3. Nf3 c5 4. e3 Nf6 5. Nc3 Nc6 6. Be2 dxc4 7. Bxc4 cxd4
8. exd4 Be7 9. O-O O-O 10. a3 a6 11. d5 exd5 12. Nxd5 Nxd5 13. Bxd5 Bf6 14.
Ra2 Ne7 15. Bb3 Qxd1 16. Bxd1 Be6 17. b3 Rfd8 18. Rd2 Nd5 19. Nd4 Bxd4 20.
Rxd4 Nc3 21. Rxd8+ Rxd8 22. Bf3 Bxb3 23. Bxb7 a5 24. f4 f6 25. Re1 a4 26.
Be3 Re8 27. g3 Re7 28. Ba6 Nb1 29. Rxb1 Rxe3 30. Kf2 Rc3 31. Re1 Kf7 32.
Bb5 f5 33. h3 g6 34. Re3 Rc2+ 35. Re2 Rc5 36. Be8+ Kf6 37. Bd7 Rc1 38. Re1
Rc4 39. Re2 Rd4 40. Bb5 Bc4 41. Bxc4 Rxc4 42. Re3 Rc2+ 43. Re2 Rc3 44. Re3
Rb3 45. Ke2 Rb2+ 46. Kd3 g5 47. fxg5+ Kxg5 48. Kc3 Rb1 49. Rd3 h5 50. Kd2
Rh1 51. h4+ Kg4 52. Rd4+ Kxg3 53. Rxa4 f4 54. Ra8 f3 55. Rg8+ Kf2 56. a4
Rxh4 57. a5 Rd4+ 58. Kc3 Ra4 59. Rg5 Ke3 60. Rxh5 f2 61. Kb3 Rf4 0-1

[Event "10th EICC"]
[Site "Budva MNE"]
[Date "2009.03.10"]
[Round "5"]
[White "Gazvoda,F"]
[Black "Stamatovic,V"]
[Result "0-1"]
[WhiteElo "2065"]
[BlackElo "1974"]
[EventDate "2009.03.06"]

1. e4 e5 2. Nf3 Nc6 3. Bc4 Bc5 4. c3 Qf6 5. O-O h6 6. d4 Bb6 7. dxe5 Nxe5
8. Nxe5 Qxe5 9. Be3 Bxe3 10. fxe3 Nf6 11. Nd2 d6 12. Qb3 O-O 13. Rf4 c6 14.
Raf1 b5 15. Bd3 Be6 16. Qc2 Ng4 17. Qc1 g5 18. Rf5 Qxh2+ 0-1

[Event "10th EICC"]
[Site "Budva MNE"]
[Date "2009.03.10"]
[Round "5"]
[White "Dinter,B"]
[Black "Kopischke,M"]
[Result "1-0"]
[WhiteElo "2055"]
[BlackElo "1910"]
[EventDate "2009.03.06"]

1. Nf3 Nf6 2. d4 g6 3. c4 Bg7 4. e3 d6 5. Be2 O-O 6. O-O Nbd7 7. Nc3 e5 8.
b3 e4 9. Nd2 Re8 10. Qc2 Qe7 11. Bb2 Nf8 12. Rac1 h5 13. Nd5 Nxd5 14. cxd5
Nh7 15. Qxc7 Qf6 16. Ba3 Bf8 17. Bb5 Bg4 18. Bxe8 Rxe8 19. Nxe4 Rxe4 20. f3
Bh6 21. fxe4 Bxe3+ 22. Kh1 1-0

[Event "10th EICC"]
[Site "Budva MNE"]
[Date "2009.03.10"]
[Round "5"]
[White "Mikavica,D"]
[Black "Gagic,M"]
[Result "1/2-1/2"]
[WhiteElo "2034"]
[BlackElo "1880"]
[EventDate "2009.03.06"]

1. d4 d5 2. Nf3 Nf6 3. g3 c6 4. Bg2 g6 5. O-O Bg7 6. Nbd2 O-O 7. Re1 Ne4 8.
c3 f5 9. e3 Nd7 10. c4 Nb6 11. Qc2 Be6 12. b3 Rc8 13. Bb2 h6 14. Rad1 Nd7
15. c5 g5 16. b4 Bf7 17. Ne5 Bh5 18. f3 Nxd2 19. Rxd2 Qc7 20. Nxd7 Qxd7 21.
e4 fxe4 22. fxe4 e6 23. e5 1/2-1/2